Music Quiz

Random Music or Rock Quiz

Classic Rock Albums' Last Words Quiz Stats

Quiz Updated Feb 23, 2012

Also try: Famous Last Words
Challenge
Share
Tweet
Embed
Score 0/14 Timer 07:00
0 Plays Today
Final Lyrics Album % Correct
And everything under the sun is in tune, but the sun is eclipsed by the moon.Dark Side of the Moon
69.1%
Meet the new boss, same as the old boss.Who's Next
48.1%
Won't you fly high, free bird?Lynyrd Skynyrd (Pronounced Leh-Nerd Skin-Nerd)
44.8%
You just might find, you just might find, you get what you need.Let It Bleed
24.3%
Someday I'm gonna make her mine, today I'm gonna make her mine.Abbey Road
24%
Oh Caroline, no.Pet Sounds
21.1%
Did you stand by me? No way!London Calling
19.7%
Final Lyrics Album % Correct
And with a smile, I'll take you to the Seven Seas of Rhye.Queen II
17.4%
Not necessarily stoned, but beautiful.Are You Experienced
16%
Going, dow-, dow-, dow-, dow-, down...now.Led Zeppelin IV
13.9%
And you know that notion just crossed my mind.Workingman's Dead
10.4%
He's not the kind you have to wind up on Sundays.Aqualung
5.6%
Christian, changer, called out, saviour, moon gate, climber, turn round, climber.Close to the Edge
3.2%
I'm perfect. Are you?Brain Salad Surgery
1.9%

You're not logged in!

Compare scores with friends on all Sporcle quizzes.
Sign Up with Email
OR
Log In

You Might Also Like...

Show Comments

Extras

Top Quizzes Today


Score Distribution

Your Account Isn't Verified!

In order to create a playlist on Sporcle, you need to verify the email address you used during registration. Go to your Sporcle Settings to finish the process.